Normal view
MARC view
- Taguchi methods (Quality control)
Entry Topical Term
001 - CONTROL NUMBER
- control field: 44765
003 - CONTROL NUMBER IDENTIFIER
- control field: NUST
005 - DATE AND TIME OF LATEST TRANSACTION
- control field: 20210314133047.0
008 - FIXED-LENGTH DATA ELEMENTS
- fixed length control field: 210314|| aca||aabn | a|a d
040 ## - CATALOGING SOURCE
- Original cataloging agency: NUST
- Transcribing agency: NUST
150 ## - HEADING--TOPICAL TERM
- Topical term or geographic name entry element: Taguchi methods (Quality control)
670 ## - SOURCE DATA FOUND
- Source citation: Work cat.: (NUST): Ross, Phillip J. 44763, Taguchi techniques for quality engineering :, c1996.
